000 00267nam a22001217a 4500
008 180903b xxu||||| |||| 00| 0 eng d
041 _aeng
080 _a611
100 _a6
101 _aANA
245 _aHuman Anatomy and Physiology
_cGraaf, K.M
942 _2udc
_cBK
999 _c47458
_d47458